Renewable Energy Systems : (Record no. 175531)

000 -LEADER
fixed length control field 01532 a2200229 4500
003 - CONTROL NUMBER IDENTIFIER
control field Nust
005 - DATE AND TIME OF LATEST TRANSACTION
control field 20220803115650.0
010 ## - LIBRARY OF CONGRESS CONTROL NUMBER
LC control number 2004041370
020 ## - INTERNATIONAL STANDARD BOOK NUMBER
International Standard Book Number 0849320313 (alk. paper)
040 ## - CATALOGING SOURCE
Transcribing agency Nust
082 00 - DEWEY DECIMAL CLASSIFICATION NUMBER
Classification number 621.3136,SIM
100 1# - MAIN ENTRY--PERSONAL NAME
Personal name Simoes, M. Godoy.
9 (RLIN) 96397
245 10 - TITLE STATEMENT
Title Renewable Energy Systems :
Remainder of title Design and Analysis with Induction Generators /
Statement of responsibility, etc. M. Godoy Simoes, Felix A. Farret.
260 ## - PUBLICATION, DISTRIBUTION, ETC.
Place of publication, distribution, etc. Boca Raton, FL :
Name of publisher, distributor, etc. CRC Press,
Date of publication, distribution, etc. 2004.
300 ## - PHYSICAL DESCRIPTION
Extent 358 p. :
Other physical details ill. ;
Dimensions 24 cm.
440 #0 - SERIES STATEMENT/ADDED ENTRY--TITLE
Title Power electronics and applications series
9 (RLIN) 83246
505 ## - FORMATTED CONTENTS NOTE
Formatted contents note Principles of alternative sources of energy and electric generation (Page-1), Steady-state model of the induction generator (Page-19), Transient model of the induction generator (Page-43), Self-excited induction generator (Page-69), Characteristics of the induction generator (Page-89), Construction features of the induction generator (Page-113), Power electronics for interfacing induction generators (Page-131), Scalar control for induction generators (Page-169), Vector control for induction generators (Page-179), Optimized control for Induction Generation (Page-197), Wound-Rotor introduction generator system (Page-237), Simulation tools for the induction generator (Page-257), Economics of induction generator-based renewable systems (Page-299).
650 #0 - SUBJECT ADDED ENTRY--TOPICAL TERM
Topical term or geographic name entry element Telecommunication Engineering
700 1# - ADDED ENTRY--PERSONAL NAME
Personal name Farret, Felix A.
9 (RLIN) 96398
856 42 - ELECTRONIC LOCATION AND ACCESS
Materials specified Publisher description
Uniform Resource Identifier <a href="http://www.loc.gov/catdir/enhancements/fy0646/2004041370-d.html">http://www.loc.gov/catdir/enhancements/fy0646/2004041370-d.html</a>
942 ## - ADDED ENTRY ELEMENTS (KOHA)
Koha item type Reference
Source of classification or shelving scheme
Holdings
Withdrawn status Lost status Source of classification or shelving scheme Damaged status Not for loan Permanent Location Current Location Shelving location Date acquired Full call number Barcode Date last seen Price effective from Koha item type Public note
          Military College of Signals (MCS) Military College of Signals (MCS) Reference 12/12/2016 621.3136,SIM MCS31166 12/08/2016 12/12/2016 Reference Almirah No.20, Shelf No.3
© 2023 Central Library, National University of Sciences and Technology. All Rights Reserved.